00630nam a2200157 a 4500008004100000050002400041100001800065245012500083260006000208300002700268490003300295490001900328500001700347650005000364650005800414121022s1998 ||||||||||||||||| || u aPAPERS/STAFF/SIZIYA aSiziya, Seter10aStudy of psychiatric consequences of closed head injury at the kenyatta national hospitalcby Seter Siziya; [and others] aLusaka:bUniversity of Zambia, School of Medicinec1998 ap. 332 - p. 335: ill.  aEast African Medical Journal vVol. 75, No. 6 aBibliography 0aPSYCHIATRY--KENYATTA NATIONAL HOSPITAL, KENYA aCLOSED HEAD INJURY--KENYATTA NATIONAL HOSPITAL, KENYA